ASOIAF Top 20 Pov Characters Quiz Stats

 Plays Quiz not verified by Sporcle

Score 0/20 Timer 03:00
0 Plays Today
Hint Answer % Correct
1767???
97.2%
2932???
95.7%
1524???
95.7%
1701???
93.2%
1180???
93%
1367???
92.8%
1594???
91.3%
1439???
91.2%
1229???
90.4%
999???
84.5%
Hint Answer % Correct
676???
81.9%
725???
78.8%
1140???
77.3%
364???
77.3%
271???
71%
560???
68.9%
276???
66.6%
281???
58.3%
240???
35.4%
3009???
18.4%

You're not logged in!

Compare scores with friends on all Sporcle quizzes.
OR
Log In

Show Comments

Extras

Top Quizzes Today


Score Distribution

Your Account Isn't Verified!

In order to create a playlist on Sporcle, you need to verify the email address you used during registration. Go to your Sporcle Settings to finish the process.

Report this User

Report this user for behavior that violates our Community Guidelines.

Details: